000 01974nam a22001817a 4500
003 IT-RoPau
005 20220918175940.0
008 130202b xxu||||| |||| 00| 0 eng d
040 _cIT-RoPau
100 _aChiesa, Francesco
_9338
245 _aGesù Cristo Re
250 _aI
260 _aAlba
_bPSSP
_c1926
300 _a323 p.
_c23 x 22 cm
490 _vI
520 _aIndice Prefazione Enciclica <<quas primas>> I. Introduzione II. Regalità di Gesù Cristo III. Festività della Regalità di G.C. Lettura I. Il vero Re >> II. La regalità di Gesù nella Bibbia dell' A.T. >> III. Cristo Re nel N. Testamento >> IV. Cristo Re nella Santa Liturgia >> V. Fondamenti della Regalità di Gesù Cristo >> VI. Natura del Regno di Gesù Cristo >> VII. Territorio del Regno di G. C. <<la mente>> >> VIII. Territori del Regno di G.C. <<il cuore>> >> IX. Territorio del Regno di Gesù Cristo >>la volonta>> >> X. Il Manto Regale - Gesù Re dei secoli >> XI. Il Manto Regale - Universalità del Regno >> XII. La Corona Regale di Cristo Re <<L' universo>> >> XIII. Lo scettro Regale di Cristo Re >> XIV. Il Trono Regale di Cristo Re >> XV. La corte di Cristo Re >> XVI. Il Genio di Cristo Re >> XVII. Il Regno di Gesù Cristo >> XVIII. La forma generale del Regno di Gesù Cristo >> XIX. La forma di governo del Regno di Gesù Cristo >> XXI. Estensione del Regno visibile di G. Cristo >> XXII. G. C. Re delle nazioni >> XXIII. Gesù Re delle famiglie >> XXIV. Il Regno di Gesù Cristo in noi >> XXV. Il Regno di Gesù Cristo nella mente >> XXVI. Il Regno di Gesù Cristo nella volontà >> XXVII. Il Regno di Gesù Cristo nei cuori >>XXVIII. Il Regno di Gesù Cristo nel nostro corpo >> XXIX. La festività di Gesù Cristo Re >> XXX. La Liturgia della festa di G.C. Re >> XXXI. Consecrazione a Gesù Cristo Re
942 _2ddc
_cBK
999 _c37949
_d37949